Sólido en suspensión en canales de riego del valle bonaerense del Río Colorado /
Guardado en:
| Otros Autores: | , |
|---|---|
| Formato: | Libro |
| Idioma: | Spanish |
| Publicado: |
Hilario Ascasubi :
CORFO Río Colorado,
1979.
|
| Series: | Centro de capacitación de CORFO Río Colorado ;
3 |
| Etiquetas: |
Agregar Etiqueta
Sin Etiquetas, Sea el primero en etiquetar este registro!
|
| LEADER | 00689nam a22001695a 4500 | ||
|---|---|---|---|
| 001 | EEA.libagro004346 | ||
| 005 | 20181128120928.0 | ||
| 008 | 130809s1979####ag#a##########000#0#spa#d | ||
| 082 | 0 | 4 | |a 631.7 |
| 245 | 1 | 0 | |a Sólido en suspensión en canales de riego del valle bonaerense del Río Colorado / |c Justo Alejandro Iturralde, Norman Peinemann. |
| 260 | |a Hilario Ascasubi : |b CORFO Río Colorado, |c 1979. | ||
| 300 | |a 13p. : |b il. ; |c 22 cm. | ||
| 490 | 1 | |a Centro de capacitación de CORFO Río Colorado ; |v 3 | |
| 700 | 1 | |a Iturralde, Justo Alejandro. | |
| 700 | 1 | |a Peinemann, Norman. | |
| 859 | |a AR-BbBCA |b BIB. AGRONOMIA |h 631.7 |i I89 |p 1990/1589 | ||
| 859 | |a AR-BbBCA |b BIB. AGRONOMIA |h 631.7 |i I89 |p 1990/1590 |t Ej.2 | ||
